Statistiken für Top 5 Länder pro Religion

Klicken Sie hier um das Quiz zu spielen!

Allgemein

  • Dieses Quiz wurde 5.568 mal gespielt
  • Das Durchschnittsergebnis liegt bei 25 aus 34

Antwortstatistiken

ReligionCountry% Korrekt
Islam, Hinduismus, Schiismus, SikhismusIndien
97%
Christentum, Judentum, Protestantismus, SikhismusVereinigte Staaten
97%
OrthodoxieRussland
96%
BuddhismusChina
96%
JudentumIsrael
93%
SchiismusIran
92%
Christentum, ProtestantismusBrasilien
90%
BuddhismusJapan
89%
WahhabismusSaudi-Arabien
88%
SchiismusIrak
88%
Islam, Hinduismus, SchiismusPakistan
86%
Islam, HinduismusIndonesien
84%
ChristentumMexiko
82%
Judentum, SikhismusKanada
80%
BuddhismusThailand
77%
JudentumFrankreich
76%
OrthodoxieÄgypten
76%
BuddhismusVietnam
72%
Judentum, Protestantismus, SikhismusVereinigtes Königreich
71%
OrthodoxieUkraine
70%
Islam, HinduismusBangladesch
69%
HinduismusNepal
67%
SikhismusAustralien
66%
SchiismusJemen
65%
WahhabismusVereinigte Arabische
Emirate
62%
Christentum, Protestantismus, IslamNigeria
60%
BuddhismusMyanmar
58%
WahhabismusKatar
56%
ChristentumPhilippinen
55%
ProtestantismusSüdafrika
54%
WahhabismusKuwait
51%
WahhabismusBahrain
48%
OrthodoxieRumänien
40%
OrthodoxieÄthiopien
38%

Verteilung der Resultate

Perzentil nach korrekt beantworteten Fragen

Anzahl Personen mit jedem Resultat

Ihre Resultats-Entwicklung

Sie haben dieses Quiz noch nicht gespielt